Biện pháp quản lý công tác giáo dục đạo đức cho học sinh, sinh viên trường Cao đẳng Lương thực-Thực phẩm Đà Nẵng

Cơ sở lý luận về quản lý công tác giáo dục đạo đức cho sinh viên trường Cao đẳng, Đại học. Thực trạng quản lý công tác giáo dục đạo đức cho sinh viên trường Cao đẳng LTTP Đà Nẵng. Biện pháp quản lý công tác giáo dục đạo đức cho sinh viên trường Cao đẳng LTTP Đà Nẵng....

Mô tả đầy đủ

Đã lưu trong:
Chi tiết về thư mục
Tác giả chính: Phạm Thị Phương
Tác giả khác: Phan Minh Tiến PGS.TS (Hướng dẫn)
Định dạng: Sách
Ngôn ngữ:Vietnamese
Được phát hành: Đà Nẵng Đại học Đà Nẵng 2011
Những chủ đề:
Các nhãn: Thêm thẻ
Không có thẻ, Là người đầu tiên thẻ bản ghi này!
Thư viện lưu trữ: Mạng thư viện Đại học Đà Nẵng
LEADER 01855nam a2200349 4500
001 000010765
003 6980
005 20111220131206.0
008 111220s2011 viesd
041 |a vie 
072 |a Luận văn Thạc sĩ khoa học giáo dục 
082 |a 378.199  |b PH-P 
100 1 |a Phạm Thị Phương 
245 1 |a Biện pháp quản lý công tác giáo dục đạo đức cho học sinh, sinh viên trường Cao đẳng Lương thực-Thực phẩm Đà Nẵng  |c Phạm Thị Phương 
260 |a Đà Nẵng  |b Đại học Đà Nẵng  |c 2011 
300 |a 106 tr.  |c 29 cm  |e 1 tóm tắt, 1 đĩa CD 
500 |a Luận văn Thạc sĩ Khoa học giáo dục. Chuyên ngành: Quản lý giáo dục. Mã số: 60.14.05 
520 |a Cơ sở lý luận về quản lý công tác giáo dục đạo đức cho sinh viên trường Cao đẳng, Đại học. Thực trạng quản lý công tác giáo dục đạo đức cho sinh viên trường Cao đẳng LTTP Đà Nẵng. Biện pháp quản lý công tác giáo dục đạo đức cho sinh viên trường Cao đẳng LTTP Đà Nẵng. 
653 |a Công tác giáo dục đạo đức cho học sinh, sinh viên 
653 |a Luận văn Thạc sĩ Khoa học giáo dục 
653 |a Trường Cao đẳng LTTP Đà Nẵng 
700 1 |a Phan Minh Tiến  |c PGS.TS  |e Hướng dẫn 
OWN |a LSP 
AVA |a UDN50  |b LSP  |d 378.199 PH-P  |e available  |t Error 5001 Not defined in file expand_doc_bib_avail.  |f 1  |g 0  |h N  |i 0  |k 1 
999 |a From the UDN01 
AVA |a UDN50  |b LSP  |d 378.199 PH-P  |e available  |t Error 5001 Not defined in file expand_doc_bib_avail.  |f 1  |g 0  |h N  |i 0  |k 1 
TYP |a Monograph 
TYP |a Printed language 
980 |a Mạng thư viện Đại học Đà Nẵng